000 00284nam a22001337a 4500
008 181226b xxu||||| |||| 00| 0 eng d
020 _a9781269455930
041 _aeng
080 _a004
100 _a38
101 _aSHK
245 _aGo Office 2013
_cGaskin.sh
942 _2udc
_cBK
999 _c53800
_d53800